000 00760cab a2200289 4500
001 WB2626-39
008 090401t1990 xxu||||| |||| 00| 0 eng d
035 _a(Sirsi) u3340
041 _aeng
245 _aGerman cities prosper
260 _c1990
350 _a0
490 _aInvestors Chronicle
_vvol 92 no 1175 29/6/90 p90
520 _aThe German property market is examined in some depth looking at the effects economic union will have on key German cities.
650 _aBERLIN
650 _aBONN
650 _aDRESDEN
650 _aFRANKFURT
650 _aGERMANY
650 _aINVESTMENT
650 _aLEIPZIG
650 _aUNIFICATION
650 _aWEST BERLIN
690 _aOVERSEAS-EUROPE
942 _n0
948 _c04/03/1997
999 _c2046
_d2046